000 00636nam a2200193Ia 4500
003 GCL
008 140319s9999 xx 000 0 ara d
040 _aGCL /
_cGCL
082 0 4 _a398.21
_bا ا
100 1 _aالفريد فرج
245 1 0 _aايام وليالى السندباد (هدية من الاديب عبدالفتاح الجمل) /
_cالفريد فرج
300 _a229 ص
490 _aكتاب الهلال
_v0
650 0 4 _aالادب الشعبى
650 0 4 _aالقصص الخرافية
650 0 4 _aالقصص الشعبية
650 0 4 _aالادب العربى - العصر الحديث
942 _2ddc
_cBK
999 _c47648
_d47648